Судова експертологія: курс лекцій: (Запис № 370697)

МАРК-запис
000 -Лідер
fixed length control field 01160nam a22002657a 4500
001 - Контрольний номер
control field 84397
003 - Ідентифікатор контрольного номера
control field UA-OsUOA
005 - Дата та час останнього входження (трансакції)
control field 20230504161326.0
007 - Фіксоване поле фізичного опису
fixed length control field ta
008 - Елементи даних фіксованої довжини – загальна інформація
fixed length control field 20120531b un ||||| |||| 00| 0 ukr d
020 ## - Міжнародний стандартний книжковий номер (ISBN)
Міжнародний стандартний книжковий номер (ISBN) (НП) 978-966-313-335-5
040 ## - Джерело каталогізації
Агенція оригінальної каталогізації UA-OsUOA
Мова каталогізації ukr
Агенція, яка здійснювала перезапис UA-OsUOA
Агенція, яка здійснювала модифікацію UA-OsUOA
041 ## - Код мови
Код мови тексту/ звукової доріжки чи окремого заголовка (П) ukr
080 ## - Індекс Універсальної десяткової класифікації
Індекс Універсальної десяткової класифікації (УДК) (НП) 343.148
090 ## - Локальний шифр розміщення
Класифікаційний індекс УДК 343.148
Авторський знак (НП) К49
100 ## - Основне введення – ім’я особи
Ім’я особи (НП) Клименко Н. І.
245 ## - Відомості про назву
Назва (НП) Судова експертологія: курс лекцій:
Решта назви (НП) навч. посіб. для студ. юрид. спец. внз
260 ## - Публікація, розповсюдження і т.п. (Вихідні дані)
Місце публікації, розповсюдження і т.п. (П) К.
Ім’я/ наймення видавництва, розповсюджувача і т.п. (П) Ін Юре
Дата публікації, розповсюдження і т.п. (П) 2007
300 ## - Фізичний опис
Обсяг 528 с.
520 ## - Резюме і т.п.
Резюме, реферат, анотація, тощо (НП) У курсі лекцій викладено 15 лекцій з концептуальних основ судової експертології: проблеми становлення науки, її загальна теорія, правові, методологічні і науково-методичні основи.
650 #7 - Додаткове предметне введення – тематичний термін
Тематичний термін чи географічна назва, як елемент введення (НП) 343 Кримінальне право. Карні порушення
Джерело заголовка чи терміна UDC
942 ## - Додаткові елементи входу (Коха)
Тип елемента Koha Книги
Source of classification or shelving scheme Universal Decimal Classification
955 ## - Код типу видання за змістом
Код типу видання за змістом (НП) Навчальні видання
Фонди
Стан вилучень Стан втрат Джерело класифікації або схеми стелажів Стан уражень Не для кредиту Постійне місце розташування Поточне розміщення Дата придбання Джерело придбання Вартість, звичайна ціна покупки Інвентарний номер Усього замовленно Повний номер виклику Штрих-код Дата останнього перегляду Ціна ефективна від Тип елемента Koha
    Universal Decimal Classification     ЧЗ - Читальна зала ЧЗ - Читальна зала 31/05/2012 47/2012 54.00 138685   343.148 К49 138685 07/02/2022 31/05/2012 Книги
    Universal Decimal Classification     ЧЗ - Читальна зала ЧЗ - Читальна зала 31/05/2012 47/2012 54.00 138686   343.148 К49 138686 07/02/2022 31/05/2012 Книги
    Universal Decimal Classification     ЧЗ - Читальна зала ЧЗ - Читальна зала 31/05/2012 47/2012 54.00 138687   343.148 К49 138687 07/02/2022 31/05/2012 Книги
    Universal Decimal Classification     ЧЗ - Читальна зала ЧЗ - Читальна зала 31/05/2012 47/2012 54.00 138688   343.148 К49 138688 07/02/2022 31/05/2012 Книги
    Universal Decimal Classification     ЧЗ - Читальна зала ЧЗ - Читальна зала 31/05/2012 47/2012 54.00 138689   343.148 К49 138689 07/02/2022 31/05/2012 Книги